LIBRARY & INFORMATION CENTRE, KCAET, TAVANUR

ONLINE PUBLIC ACCESS CATALOGUE (OPAC)

Adoption of agricultural innovations / (Record no. 9942)

MARC details
000 -LEADER
fixed length control field 00491cam a2200193ua 4500
041 ## - LANGUAGE CODE
Language code of text/sound track or separate title eng
082 ## - DEWEY DECIMAL CLASSIFICATION NUMBER
Classification number 630.2
Item number RAJ/AD
100 ## - MAIN ENTRY--AUTHOR NAME
Personal name Rajagopalan, C .
245 ## - TITLE STATEMENT
Title Adoption of agricultural innovations /
250 ## - EDITION STATEMENT
Edition statement 1 /
260 ## - PUBLICATION, DISTRIBUTION, ETC. (IMPRINT)
Place of publication New Delhi :
Name of publisher National Publishing House ,
Year of publication 1971.
300 ## - PHYSICAL DESCRIPTION
Number of Pages 120 ; .
700 1# - ADDED ENTRY--PERSONAL NAME
Personal name Jaspal, Singh .
942 ## - ADDED ENTRY ELEMENTS (KOHA)
Koha item type Books
Holdings
Withdrawn status Lost status Damaged status Home library Current library Date acquired Full call number Accession Number Koha item type
      KAUAET KAUAET 07/04/2012 630.2 14481 Books
free website counter